[Event "Mittelfranken-chTB2a 1415"]
[Site "Mittelfranken"]
[Date "2014.11.16"]
[Round "3.8"]
[White "Kaegeler, Peter"]
[Black "Nagel, Felix"]
[Result "0-1"]
[WhiteElo "1669"]
[BlackElo "1742"]
[PlyCount "50"]
[EventDate "2014.09.28"]
[EventType "team-tourn"]
[EventRounds "9"]
[EventCountry "GER"]
[SourceTitle "EXT 2020"]
[Source "ChessBase"]
[SourceDate "2019.10.17"]
[SourceVersion "1"]
[SourceVersionDate "2019.10.17"]
[SourceQuality "1"]
[WhiteTeam "Cadolzburg"]
[BlackTeam "Anderssen/78 Nuernberg"]
[WhiteTeamCountry "GER"]
[BlackTeamCountry "GER"]

1. f4 d5 2. d4 Nf6 3. Nf3 Bf5 4. e3 e6 5. Bd3 Bg6 6. 0-0 Nbd7 7. Nc3 c5 8. Re1 cxd4 9. Nxd4 Bb4 10. Bd2 0-0 11. Bxg6 hxg6 12. a3 Bxc3 13. Bxc3 Ne4 14. Bb4 Re8 15. a4 Qb6 16. Ba3 Rec8 17. Rc1 Qa5 18. b3 Nc3 19. Qd2 Nf6 20. Bb2 Nfe4 21. Bxc3 Rxc3 22. Qe2 Rac8 23. Nb5 Rxc2 24. Rxc2 Rxc2 25. Qf1 Rf2 0-1

[Event "Mittelfranken-chTB2a 1415"]
[Site "Mittelfranken"]
[Date "2014.10.12"]
[Round "2.8"]
[White "Kiefer, Herbert"]
[Black "Kaegeler, Peter"]
[Result "1-0"]
[WhiteElo "1611"]
[BlackElo "1669"]
[PlyCount "71"]
[EventDate "2014.09.28"]
[EventType "team-tourn"]
[EventRounds "9"]
[EventCountry "GER"]
[SourceTitle "EXT 2020"]
[Source "ChessBase"]
[SourceDate "2019.10.17"]
[SourceVersion "1"]
[SourceVersionDate "2019.10.17"]
[SourceQuality "1"]
[WhiteTeam "Bad Windsheim/Ansbach"]
[BlackTeam "Cadolzburg"]
[WhiteTeamCountry "GER"]
[BlackTeamCountry "GER"]

1. Nc3 g6 2. d4 Bg7 3. e4 d6 4. Nf3 a6 5. Bc4 h6 6. 0-0 Nc6 7. h3 Na5 8. Be2 b5 9. Qe1 Nb7 10. Be3 e6 11. Rd1 Ne7 12. Qd2 d5 13. e5 Nf5 14. Bf4 g5 15. Bh2 0-0 16. g4 Ne7 17. Kg2 Ng6 18. Bd3 c5 19. Be2 f5 20. exf6 Qxf6 21. Be5 Nxe5 22. dxe5 Qe7 23. Rde1 Qc7 24. Bd1 Bd7 25. h4 d4 26. Nb1 gxh4 27. Nxh4 Bc6+ 28. f3 Qf7 29. Kh3 Rad8 30. f4 c4 31. f5 Rfe8 32. f6 Bf8 33. g5 c3 34. Qf4 hxg5 35. Qxg5+ Kh7 36. Bh5 1-0

[Event "Mittelfrankenliga-B2 0607 playoff"]
[Site "Mittelfranken"]
[Date "2007.05.20"]
[Round "1.7"]
[White "Kaegeler, Peter"]
[Black "Gissler, Thomas"]
[Result "1/2-1/2"]
[WhiteElo "1708"]
[BlackElo "1553"]
[PlyCount "87"]
[EventDate "2007.05.20"]
[EventType "team-match"]
[EventRounds "1"]
[EventCountry "GER"]
[SourceTitle "EXT 2011"]
[Source "ChessBase"]
[SourceDate "2010.11.26"]
[SourceVersion "1"]
[SourceVersionDate "2010.11.26"]
[SourceQuality "1"]
[WhiteTeam "Cadolzburg"]
[BlackTeam "Neustadt"]
[WhiteTeamCountry "GER"]
[BlackTeamCountry "GER"]

1. f4 d5 2. c3 Nf6 3. Nf3 c6 4. e3 Bf5 5. Be2 Nbd7 6. d3 Qc7 7. Nd4 Bg6 8. f5 e5 9. fxe6 fxe6 10. Nxe6 Qd6 11. Nf4 Be7 12. 0-0 Nc5 13. b3 Ne6 14. g3 Nxf4 15. exf4 Qd7 16. Kg2 Bf5 17. Rh1 Bh3+ 18. Kf2 Bc5+ 19. Be3 d4 20. cxd4 Bxd4 21. Nd2 Bxa1 22. Qxa1 Ng4+ 23. Bxg4 Bxg4 24. Qe5+ Qe7 25. Qc3 0-0 26. Re1 Qd7 27. Nc4 Qd5 28. Ne5 Bh3 29. Rg1 Rae8 30. d4 c5 31. Qc4 Qxc4 32. bxc4 cxd4 33. Bxd4 a6 34. Rb1 Bc8 35. Rb6 Re6 36. Rxe6 Bxe6 37. a3 Rd8 38. Ke3 g6 39. c5 Bd5 40. Ng4 Kf7 41. Be5 Bc6 42. Bd6 Ke6 43. Be5 Bb5 44. Bd4 1/2-1/2

[Event "Mittelfranken-chT 0405"]
[Site "Germany"]
[Date "2005.04.17"]
[Round "9.8"]
[White "Kaegeler, Peter"]
[Black "Stecher, Bernd"]
[Result "1/2-1/2"]
[WhiteElo "1778"]
[BlackElo "1387"]
[PlyCount "85"]
[EventDate "2004.10.17"]
[EventType "team"]
[EventRounds "9"]
[EventCountry "GER"]
[SourceTitle "EXT 2007"]
[Source "ChessBase"]
[SourceDate "2006.11.23"]
[SourceVersion "1"]
[SourceVersionDate "2006.11.23"]
[SourceQuality "1"]

1. f4 d5 2. d4 Nf6 3. Nf3 e6 4. e3 Be7 5. Bd3 Nbd7 6. Nbd2 c5 7. c3 c4 8. Bc2 0-0 9. 0-0 h6 10. Ne5 Nb6 11. b3 cxb3 12. axb3 Qc7 13. c4 Bd7 14. c5 Nc8 15. Nxd7 Nxd7 16. Nf3 f5 17. Qd3 Nf6 18. Ne5 Kh7 19. b4 Ne4 20. Bd2 Bf6 21. Ra3 Ne7 22. Rfa1 Nc8 23. b5 Bxe5 24. fxe5 Qf7 25. Qe2 Nxd2 26. Qxd2 b6 27. Bd3 g6 28. c6 Qc7 29. Qc2 Rg8 30. h3 h5 31. Kh2 Rg7 32. Rh1 Kg8 33. Be2 Ne7 34. Raa1 Rh7 35. g3 Rf8 36. Qa4 Nc8 37. Qb4 Rd8 38. Kg2 Re8 39. Qe1 Ree7 40. Qf2 Ref7 41. Bf3 Qe7 42. Qd2 Qg5 43. h4 1/2-1/2

[Event "Mittelfranken-chT 0405"]
[Site "Germany"]
[Date "2005.03.13"]
[Round "7.8"]
[White "Jung, Udo"]
[Black "Kaegeler, Peter"]
[Result "1/2-1/2"]
[WhiteElo "1652"]
[BlackElo "1725"]
[PlyCount "108"]
[EventDate "2004.10.17"]
[EventType "team"]
[EventRounds "9"]
[EventCountry "GER"]
[SourceTitle "EXT 2007"]
[Source "ChessBase"]
[SourceDate "2006.11.23"]
[SourceVersion "1"]
[SourceVersionDate "2006.11.23"]
[SourceQuality "1"]

1. d4 f5 2. g3 d5 3. Bg2 e6 4. c4 c6 5. Nh3 Nf6 6. Nd2 Be7 7. Qc2 0-0 8. 0-0 Na6 9. Nf3 Nc7 10. Nf4 Ne4 11. Ne5 Ng5 12. c5 Nf7 13. Nfd3 Nxe5 14. Nxe5 Ne8 15. Bd2 Nf6 16. f3 Nd7 17. Nd3 Bf6 18. Bc3 Re8 19. e4 g6 20. Rae1 Nf8 21. Qf2 b6 22. exf5 exf5 23. Rxe8 Qxe8 24. Re1 Qd8 25. Ne5 Qc7 26. Bf1 b5 27. f4 Be6 28. Qc2 Kg7 29. a4 a6 30. Ra1 Bxe5 31. dxe5 Qb7 32. axb5 axb5 33. Ba5 Nd7 34. b4 h6 35. Bd3 Qc8 36. Kf2 Qf8 37. Qc3 g5 38. Bc7 Rxa1 39. Qxa1 Qf7 40. Bd6 gxf4 41. gxf4 Qh5 42. Qg1+ Qg6 43. Qg3 Qxg3+ 44. Kxg3 Nf8 45. Bxf8+ Kxf8 46. Be2 Bf7 47. Kf2 Ke7 48. Ke3 Ke6 49. Kd4 Be8 50. Bd3 Bg6 51. Be2 Be8 52. Bd1 Bg6 53. Bc2 Be8 54. Bd3 Bg6 1/2-1/2